• 首页
  • 本馆介绍
  • 公告通知
  • 最新文献
  • 馆藏检索
  • 电子资源
  • 读者导购
  • 参考咨询
  • 我的图书馆
  • 登录
  • 详细信息显示
  • 放入我的书架
  • 预约/预借图书
  • 作者相关作品
  • 分类相关作品
  • 丛书相关作品
  • 出版社相关作品

书目信息

  • 表格格式
  • 工作单格式
  • 卡片格式
题名:
电子产品装配工职业资格考试题解
    
 
作者: 韩雪涛 主编
分册:  
出版信息: 北京   金盾出版社  2015
页数: 257页
开本: 26cm
丛书名:
单 册:
中图分类: TN605 , TN805-44
科图分类:
主题词: 电子工业--题解--产品--资格考试--装配(机械) , 电信设备
电子资源:
ISBN: 978-7-5082-9878-8
000 00919nam0 2200253 450
001 216
005 20160905103756.06
010    @a978-7-5082-9878-8@dCNY48.00
100    @a20150602d2015 em y0chiy50 ea
101 0  @achi
102    @aCN@b110000
105    @aa zq 000yy
200 1  @a电子产品装配工职业资格考试题解@9dian zi chan pin zhuang pei gong zhi ye zi ge kao shi ti jie@f韩雪涛主编
210    @a北京@c金盾出版社@d2015
215    @a257页@c图@d26cm
304    @a数码维修工程师鉴定指导中心组织编写
330    @a本书共十一部分,分别为电子产品装配工考核鉴定范围和要求、电子产品装配注意事项和工艺流程的考核鉴定内容、电子产品装配图识读的考核鉴定内容等。
606 0  @a电子工业@j题解@x产品@x资格考试@x装配(机械)
606 0  @a电信设备
690    @aTN605@v5
690    @aTN805-44@v4
701  0 @a韩雪涛@9han xue tao@c(电子技术)@4主编
801  0 @aCN@b唐山师范学院图书馆@c20160721
905    @aZUCC@dTN805-44@e31
    
    电子产品装配工职业资格考试题解/韩雪涛主编.-北京:金盾出版社,2015
    257页:图;26cm
    
    
    ISBN 978-7-5082-9878-8:CNY48.00
    本书共十一部分,分别为电子产品装配工考核鉴定范围和要求、电子产品装配注意事项和工艺流程的考核鉴定内容、电子产品装配图识读的考核鉴定内容等。
●
相关链接 在E读中查询图书 在五车中查询图书 在当当中查询图书 在豆瓣中查询图书


正题名:电子产品装配工职业资格考试题解     索取号:TN805-44/31         预约/预借

序号 登录号 条形码 馆藏地/架位号 状态 备注
1 900910   209009106   第二样本阅览室/ [索取号:TN805-44/31] 在馆    
2 900911   209009115   第三借阅区/ [索取号:TN805-44/31] 在馆    
3 900912   209009124   第三借阅区/ [索取号:TN805-44/31] 在馆    
唐山师范学院图书馆 欢迎您!
大连网信软件有限公司© 版权所有